LEADER 00934nam a2200217 i 4500 001 000000207766 003 CaOOAMICUS 005 20250825101634.0 008 111104s1883 it u000 u ita u 013 $a186549 040 $aSeMil$bita 100 1 $aDe Gubernatis, Angelo,$d<1840-1913>.$0(OLS)http://semarc/name/11429 245 10$a4.2: Florilegio lirico :$bPoeti moderni. 300 $aP. 318-720. 490 0 $aBiblioteca scientifico-letteraria 773 0 $aDe Gubernatis, Angelo <1840-1913>$tStoria universale della letteratura. 1. serie.$dMilano : Ulrico Hoepli, 1882-1883.$kBiblioteca scientifico-letteraria$g4$w()25730 830 0$aBiblioteca scientifico-letteraria.$0(OLS)http://semarc/title/34006 850 $aSeMil 852 $aSeMil$W1$xVenegono$y1$m1U II 18 FA$j158225$B158225$CSeMilBibl$Z2$F169444 $8I 996 $6245$a4.2: Florilegio lirico :$bPoeti moderni$9(OLS)http://semarc/title/300417 LEADER 00744nam a2200193 i 4500 001 000000237447 003 CaOOAMICUS 005 20141224000000.0 008 141224s1840 it u000 u fre u 013 $a216352 040 $aSeMil$bita 245 10$aTome 3. 300 $a531 p. 773 0 $aGaume, Joseph <1802-1879>$tCatéchisme de perséverance, ou Exposé historique, dogmatique, morale et liturgique de la religion depuis l'origine du monde jusqu'à nos jours.$b2. éd. revue.$dParis : Gaume frères, 1840.$g3$w()31194 850 $aSeMil 852 $aSeMil$W1$xVenegono$y1$m3C IV 168 FA$j187793$B187793$CSeMilBibl$Z2$F198700 $8I 941 1 $a10 961 $aRecupero: Mantegazza 996 $6245$aTome 3$9(OLS)http://semarc/title/1575